书目信息 |
| 题名: |
花岗岩类土质边坡特性及其组合锚固设计
|
|
| 作者: | 赵晓彦 , 黄少强 , 胡厚田 著 | |
| 分册: | ||
| 出版信息: | 北京 人民交通出版社 2012 |
|
| 页数: | 191页 | |
| 开本: | 23cm | |
| 丛书名: | ||
| 单 册: | ||
| 中图分类: | TV223.3 | |
| 科图分类: | ||
| 主题词: | 花岗岩--岩质滑坡--特性 , 花岗岩--锚固--设计 | |
| 电子资源: | ||
| ISBN: | 978-7-114-09059-2 | |
| 000 | 00980nam0 2200265 450 | |
| 001 | 012015000406 | |
| 005 | 20150911083950.95 | |
| 010 | @a978-7-114-09059-2@b精装@dCNY50.00 | |
| 100 | @a20120708d2012 em y0chiy50 ea | |
| 101 | 0 | @achi |
| 102 | @aCN@b110000 | |
| 105 | @aa z 000yy | |
| 106 | @ar | |
| 200 | 1 | @a花岗岩类土质边坡特性及其组合锚固设计@Ahua gang yan lei tu zhi bian po te xing ji qi zu he mao gu she ji@f赵晓彦,黄少强,胡厚田著 |
| 210 | @a北京@c人民交通出版社@d2012 | |
| 215 | @a191页@c图,照片@d23cm | |
| 330 | @a本书主要基于花岗岩类土质边坡介质的特殊性——具有结构面等岩体结构特征,阐述该类边坡的特性,并在此基础上,提出预应力锚索和非预应力锚杆的组合锚固设计方法。 | |
| 606 | 0 | @a花岗岩@x岩质滑坡@x特性 |
| 606 | 0 | @a花岗岩@x锚固@x设计 |
| 690 | @aTV223.3@v5 | |
| 701 | 0 | @a赵晓彦@Azhao xiao yan@4著 |
| 701 | 0 | @a黄少强@Ahuang shao qiang@4著 |
| 701 | 0 | @a胡厚田@Ahu hou tian@4著 |
| 801 | 0 | @aCN@b碧洲教育@c20150720 |
| 905 | @a10447@f4@dTV223.3@e61 | |
| 花岗岩类土质边坡特性及其组合锚固设计/赵晓彦,黄少强,胡厚田著.-北京:人民交通出版社,2012 |
| 191页:图,照片;23cm |
| ISBN 978-7-114-09059-2(精装):CNY50.00 |
| 本书主要基于花岗岩类土质边坡介质的特殊性——具有结构面等岩体结构特征,阐述该类边坡的特性,并在此基础上,提出预应力锚索和非预应力锚杆的组合锚固设计方法。 |
| ● |
| 相关链接 |
|
|
|
|
正题名:花岗岩类土质边坡特性及其组合锚固设计
索取号:TV223.3/61
 
预约/预借
| 序号 | 登录号 | 条形码 | 馆藏地/架位号 | 状态 | 备注 |
| 1 | 0849425 | 208494253 | 第二样本阅览室/ [索取号:TV223.3/61] | 在馆 | |
| 2 | 0849426 | 208494262 | 第三借阅区/ [索取号:TV223.3/61] | 在馆 | |
| 3 | 0849427 | 208494271 | 第三借阅区/ [索取号:TV223.3/61] | 在馆 | |
| 4 | 0849428 | 208494280 | 第三借阅区/ [索取号:TV223.3/61] | 在馆 |